LEADER 01026cam0-2200313---450- 001 990004010670403321 005 20150727120530.0 035 $a000401067 035 $aFED01000401067 035 $a(Aleph)000401067FED01 035 $a000401067 100 $a19990604d1982----km-y0itay50------ba 101 0 $aita 102 $aIT 105 $a--------001by 200 1 $aCanace e scritti in sua difesa$fGiambattista Giraldi Cinzio$cScritti contro la Canace$egiudizio ed e epistola latina$fGiambattista Giraldi Cinzio$ga cura di Christina Roaf 210 $aBologna$cCommissione per i testi di lingua$d1982 215 $a329 p.$d24 cm 225 1 $aCollezione di opere inedite o rare$v138 676 $a852.4$v22$zita 700 1$aSperoni,$bSperone$f<1500-1588>$0151782 701 1$aGiraldi,$bGiambattista$f<1504-1573> 702 1$aRoaf,$bChristina 801 0$aIT$bUNINA$gRICA$2UNIMARC 901 $aBK 912 $a990004010670403321 952 $a852.4 ROA 1$bDip.f.m.600$fFLFBC 959 $aFLFBC 997 $aUNINA LEADER 01837oam 2200469M 450 001 9910716271803321 005 20200213071029.6 035 $a(CKB)5470000002519405 035 $a(OCoLC)1065753853 035 $a(OCoLC)995470000002519405 035 $a(EXLCZ)995470000002519405 100 $a20071213d1926 ua 0 101 0 $aeng 135 $aurcn||||||||| 181 $ctxt$2rdacontent 182 $cc$2rdamedia 183 $acr$2rdacarrier 200 10$aClaims of the Assiniboine Indians against the United States. April 22, 1926. -- Committed to the Committee of the Whole House on the State of the Union and ordered to be printed 210 1$a[Washington, D.C.] :$c[U.S. Government Printing Office],$d1926. 215 $a1 online resource (3 pages) 225 1 $aHouse report / 69th Congress, 1st session. House ;$vno. 952 225 1 $a[United States congressional serial set ] ;$v[serial no. 8533] 300 $aBatch processed record: Metadata reviewed, not verified. Some fields updated by batch processes. 300 $aFDLP item number not assigned. 606 $aIndians of North America$xClaims 606 $aJurisdiction 606 $aLegislative amendments 606 $aTreaties 608 $aLegislative materials.$2lcgft 615 0$aIndians of North America$xClaims. 615 0$aJurisdiction. 615 0$aLegislative amendments. 615 0$aTreaties. 701 $aWilliamson$b William$f1875-1972$pRepublican (SD)$01386808 801 0$bWYU 801 1$bWYU 801 2$bOCLCO 801 2$bOCLCQ 906 $aBOOK 912 $a9910716271803321 996 $aClaims of the Assiniboine Indians against the United States. April 22, 1926. -- Committed to the Committee of the Whole House on the State of the Union and ordered to be printed$93540933 997 $aUNINA